000 00571nam a2200229Ia 4500
003 OSt
005 20220918173109.0
006 a|||||r|||| 00| 0
007 ta
008 220917b |||||||| |||| 00| 0 eng d
024 _a4,972
037 _cTextual
040 _aARTS
_cARTS
_beng
041 _2eng
_aeng
082 _a2:55, J3 (2D)
100 _aCollison. Robert L
_944265
245 0 _aIndexes and indexing
260 _c1952
650 _aLIBRARY SCIENCE
942 _h2:55, J3 (2D)
_cTEXL
_2CC
999 _c147158
_d147158